| 000 | 00556nam a22002177a 4500 | ||
|---|---|---|---|
| 003 | BUBTL | ||
| 008 | 160824b xxu||||| |||| 00| 0 eng d | ||
| 020 | _a971-81-317-1807-0 | ||
| 082 | _a535HEO | ||
| 100 |
_9810 _aHecht,Eugene/ Ganesan, A.R. |
||
| 245 | _aOptics | ||
| 250 | _a4th | ||
| 260 |
_aChenni _bPearson _cc2008 |
||
| 300 |
_a[vi],650p. _bills. _c25cm. |
||
| 650 | 0 |
_9167 _aPhysics |
|
| 700 |
_9811 _aHecht,Eugene/ Ganesan, A.R. |
||
| 760 | _b4th | ||
| 856 |
_k0 _l0 _yDownload |
||
| 942 |
_2ddc _cBK |
||
| 999 |
_c5337 _d5337 |
||